00339 a2200097 4500001001000000005001700010008004100027245007900068100002200147773007200169ART_5637520260410161609.0260409a 10aEl marco conceptual, soporte de las normas internacionales de contabilidad1 aTua Pereda, Jorge0 tProfesional & Empresariag- Año XXIII, Nº 273 (jun. 2022)wREV70